000 00617nam a2200229Ia 4500
003 OSt
005 20221007072149.0
006 a|||||r|||| 00| 0
007 ta
008 221006b |||||||| |||| 00| 0 eng d
024 _a19,027
037 _cTextual
040 _aFLL
_cFLL
_beng
041 _2eng
_aeng
082 _aZ:87:R1, K3
100 _aPerelman Ch.
_978413
245 0 _aIdea of justice and the problem of argument
260 _aLondon
_bRoutledge & Kegan Paul England
_c1963
300 _a212p
_ccm.
942 _hZ:87:R1, K3
_cTEXL
_2CC
999 _c1145353
_d1145353